<The> New Science of Management Decision

Saved in:
Bibliographic Details
Main Author: Simon, Herbert A.
Format: Book
Language:English
Published: Englewood Cliffs Prentice Hall 1977
Edition:3. rev. ed.
Subjects:
Tags: Add Tag
No Tags, Be the first to tag this record!

MARC

LEADER 00000nam a2200000 4500
001 c011839
005 20221207074858.7
020 |a 0-13-616144-8 
041 0 |a eng 
044 |a US 
245 1 0 |a <The> New Science of Management Decision  |c Herbert A. Simon 
250 |a 3. rev. ed. 
264 1 |a Englewood Cliffs  |b Prentice Hall  |c 1977 
300 |a 175 s. 
610 2 0 |a rozhodovanie 
610 2 0 |a manažment 
610 2 0 |a spracovanie dát automatické 
610 2 0 |a riadenie vedecké 
610 2 0 |a riadenie výroby 
610 2 0 |a hospodárnosť 
610 2 0 |a procesy rozhodovacie 
100 1 |a Simon, Herbert A.